000 00942nac a22002657a 4500
001 BR7500875
003 BR-BrBNA
005 20240105113836.0
008 230509b bl.|||m| |||| 00| 0 por d
040 _aBR-BrBNA
_bpor
_cBiblioteca Nacional de Agricultura
072 _aE30; F00; L00
090 _aE30 BR7500875
110 1 _aSecretaria da Agricultura, Vitoria, ES (Brasil)
_98538
245 1 _aPlano de trabalho para 1976 [Projeto de desenvolvimento; Producao animal; Producao vegetal; Secretaria da Agricultura; Espirito Santo; Brasil]
260 3 _aVitoria, ES (Brasil):
_c[nd].
300 _a45 p.
490 _aPlano de Trabalho - Secretaria da Agricultura (Brazil)
_v
_x
500 _aPublished 1975?; 29 illus.
650 _aProjeto de desenvolvimento
650 _aProducao vegetal
650 _aProducao animal
650 _aEspirito Santo
909 _a202312
_bLúcia Elande
_c55
_dLúcia Elande
942 _2AGRIS
_n0
_cMS
999 _c265893
_d265893